=LDR 00000nam 2200000 4500 =001 INLIS000000000019500 =005 20130612114543 =008 ***********************************Ind** =035 ##$$0010-061300000019500 =041 ##$$a Ind =082 ##$$a F Rom K =090 ##$$a F Rom K, War m =100 ##$$a Wardhana, Eka =245 ##$$a Menolong putri gulali, Eka Wardhani =260 ##$$a 2005 $b Bandung =300 ##$$a 24 hlm, ilus, 17 cm =650 ##$$a Fiksi kanak-kanak =850 ##$$a NBPNMAT